[Event "9. Forchheimer Sparkassen Open 2010"]
[Site "Forchheim"]
[Date "2010.10.03"]
[Round "5.7"]
[White "Walter, Florian"]
[Black "Donchenko, Alexander"]
[Result "1/2-1/2"]
[WhiteElo "2019"]
[BlackElo "2204"]
[PlyCount "68"]
[EventDate "2010.??.??"]
[WhiteTeam "SV Lauf a.d.P."]
[BlackTeam "SK 1858 Gießen"]

1. Nf3 {[%emt 0:00:00]} c5 {[%emt 0:00:03]} 2. c4 {[%emt 0:00:01]} Nc6 {
[%emt 0:00:03]} 3. Nc3 {[%emt 0:00:46]} g6 {[%emt 0:00:15]} 4. g3 {
[%emt 0:00:02]} Bg7 {[%emt 0:00:01]} 5. Bg2 {[%emt 0:00:02]} d6 {[%emt 0:00:02]
} 6. O-O {[%emt 0:00:15]} Nf6 {[%emt 0:00:02]} 7. Rb1 {[%emt 0:01:22]} O-O {
[%emt 0:00:02]} 8. a3 {[%emt 0:00:02]} d5 {[%emt 0:00:03]} 9. b3 {
[%emt 0:00:02]} e6 {[%emt 0:00:02]} 10. Bb2 {[%emt 0:00:02]} d4 {[%emt 0:00:02]
} 11. Na4 {[%emt 0:00:06]} Qd6 {[%emt 0:00:11]} 12. b4 {[%emt 0:00:06]} Nd7 {
[%emt 0:00:02]} 13. Nxc5 {[%emt 0:00:02]} Nxc5 {[%emt 0:00:03]} 14. bxc5 {
[%emt 0:00:02]} Qxc5 {[%emt 0:00:01]} 15. d3 {[%emt 0:00:02]} Rb8 {
[%emt 0:00:02]} 16. a4 {[%emt 0:00:04]} Re8 {[%emt 0:00:02]} 17. Nd2 {
[%emt 0:00:05]} e5 {[%emt 0:00:02]} 18. Ne4 {[%emt 0:00:02]} Qe7 {
[%emt 0:00:02]} 19. Qb3 {[%emt 0:00:04]} Bf8 {[%emt 0:00:20]} 20. Bc1 {
[%emt 0:00:02]} Qd8 {[%emt 0:00:02]} 21. Bg5 {[%emt 0:00:03]} Be7 {
[%emt 0:00:02]} 22. f4 {[%emt 0:00:02]} Bf5 {[%emt 0:00:04]} 23. Bxe7 {
[%emt 0:00:02]} Qxe7 {[%emt 0:00:01]} 24. fxe5 {[%emt 0:00:02]} Nxe5 {
[%emt 0:00:02]} 25. Qb4 {[%emt 0:00:02]} Bxe4 {[%emt 0:00:02]} 26. Qxe7 {
[%emt 0:00:03]} Rxe7 {[%emt 0:00:02]} 27. Bxe4 {[%emt 0:00:02]} Nxc4 {
[%emt 0:00:01]} 28. Rb4 {[%emt 0:00:04]} Ne3 {[%emt 0:00:02]} 29. Rfb1 {
[%emt 0:00:02]} Rd7 {[%emt 0:00:08]} 30. Bxb7 {[%emt 0:00:03]} Nd1 {
[%emt 0:00:02]} 31. Rxd1 {[%emt 0:00:02]} Rbxb7 {[%emt 0:00:00]} 32. Rdb1 {
[%emt 0:00:01]} Rbc7 {[%emt 0:00:03]} 33. Kf2 {[%emt 0:00:02]} f5 {
[%emt 0:00:02]} 34. a5 {[%emt 0:00:02]} Kg7 {[%emt 0:00:01]} 1/2-1/2

[Event "9. Forchheimer Sparkassen Open 2010"]
[Site "Forchheim"]
[Date "2010.10.03"]
[Round "5.8"]
[White "Wagner, Dennis"]
[Black "Grafe, Wilhelm"]
[Result "1/2-1/2"]
[WhiteElo "2166"]
[BlackElo "2202"]
[PlyCount "101"]
[EventDate "2010.??.??"]
[WhiteTeam "Kasseler SK 1876"]
[BlackTeam "SC Forchheim e.V."]

1. e4 {[%emt 0:00:00]} c6 {[%emt 0:00:01]} 2. d4 {[%emt 0:00:12]} d5 {
[%emt 0:00:19]} 3. Nc3 {[%emt 0:00:03]} dxe4 {[%emt 0:00:02]} 4. Nxe4 {
[%emt 0:00:03]} Bf5 {[%emt 0:00:01]} 5. Ng3 {[%emt 0:00:02]} Bg6 {
[%emt 0:00:02]} 6. h4 {[%emt 0:00:01]} h6 {[%emt 0:00:01]} 7. Nf3 {
[%emt 0:00:18]} Nd7 {[%emt 0:00:02]} 8. h5 {[%emt 0:00:02]} Bh7 {[%emt 0:00:02]
} 9. Bd3 {[%emt 0:00:02]} Bxd3 {[%emt 0:00:02]} 10. Qxd3 {[%emt 0:00:02]} Qc7 {
[%emt 0:00:03]} 11. Bd2 {[%emt 0:00:02]} e6 {[%emt 0:00:02]} 12. O-O-O {
[%emt 0:00:02]} Ngf6 {[%emt 0:00:05]} 13. Qe2 {[%emt 0:00:02]} c5 {
[%emt 0:00:02]} 14. Kb1 {[%emt 0:00:02]} O-O-O {[%emt 0:00:02]} 15. Ne5 {
[%emt 0:00:05]} Nb8 {[%emt 0:00:02]} 16. dxc5 {[%emt 0:00:02]} Bxc5 {
[%emt 0:00:02]} 17. Nd3 {[%emt 0:00:02]} Bd6 {[%emt 0:00:04]} 18. Ne4 {
[%emt 0:00:02]} Nxe4 {[%emt 0:00:02]} 19. Qxe4 {[%emt 0:00:01]} Rhe8 {
[%emt 0:00:02]} 20. Qd4 {[%emt 0:00:03]} e5 {[%emt 0:00:02]} 21. Qxa7 {
[%emt 0:00:04]} e4 {[%emt 0:00:01]} 22. Ba5 {[%emt 0:00:02]} b6 {[%emt 0:00:02]
} 23. Qxb6 {[%emt 0:00:02]} exd3 {[%emt 0:00:00]} 24. Rxd3 {[%emt 0:00:03]}
Qxb6 {[%emt 0:00:05]} 25. Bxb6 {[%emt 0:00:01]} Bc7 {[%emt 0:00:03]} 26. Rc3 {
[%emt 0:00:02]} Rd7 {[%emt 0:00:02]} 27. a4 {[%emt 0:00:03]} Kb7 {
[%emt 0:00:02]} 28. Be3 {[%emt 0:00:03]} Nc6 {[%emt 0:00:02]} 29. Rh4 {
[%emt 0:00:02]} Rd1+ {[%emt 0:00:04]} 30. Ka2 {[%emt 0:00:02]} Be5 {
[%emt 0:00:02]} 31. Rb3+ {[%emt 0:00:02]} Kc7 {[%emt 0:00:01]} 32. Rc4 {
[%emt 0:00:04]} Bd4 {[%emt 0:00:01]} 33. Bf4+ {[%emt 0:00:02]} Be5 {
[%emt 0:00:02]} 34. Bxe5+ {[%emt 0:00:02]} Rxe5 {[%emt 0:00:01]} 35. Rbc3 {
[%emt 0:00:02]} Rd6 {[%emt 0:00:02]} 36. b4 {[%emt 0:00:02]} Kb6 {
[%emt 0:00:02]} 37. a5+ {[%emt 0:00:02]} Nxa5 {[%emt 0:00:02]} 38. bxa5+ {
[%emt 0:00:01]} Rxa5+ {[%emt 0:00:02]} 39. Kb2 {[%emt 0:00:02]} Rxh5 {
[%emt 0:00:03]} 40. Rb3+ {[%emt 0:00:02]} Rb5 {[%emt 0:00:03]} 41. Rxb5+ {
[%emt 0:00:02]} Kxb5 {[%emt 0:00:01]} 42. Rf4 {[%emt 0:00:03]} f6 {
[%emt 0:00:01]} 43. Kc3 {[%emt 0:00:01]} Rd5 {[%emt 0:00:01]} 44. Kb3 {
[%emt 0:00:02]} Kc5 {[%emt 0:00:01]} 45. Rc4+ {[%emt 0:00:02]} Kd6 {
[%emt 0:00:01]} 46. Rg4 {[%emt 0:00:02]} g5 {[%emt 0:00:00]} 47. Kc4 {
[%emt 0:00:04]} Rc5+ {[%emt 0:00:02]} 48. Kd3 {[%emt 0:00:01]} h5 {
[%emt 0:00:02]} 49. Rd4+ {[%emt 0:00:02]} Ke5 {[%emt 0:00:02]} 50. Re4+ {
[%emt 0:00:02]} Kf5 {[%emt 0:00:02]} 51. c4 {[%emt 0:00:01]} 1/2-1/2

[Event "9. Forchheimer Sparkassen Open 2010"]
[Site "Forchheim"]
[Date "2010.10.03"]
[Round "5.9"]
[White "Gegenfurtner, Jürgen"]
[Black "Singer, Christoph"]
[Result "1/2-1/2"]
[WhiteElo "2116"]
[BlackElo "2369"]
[PlyCount "51"]
[EventDate "2010.??.??"]
[WhiteTeam "TSV Wacker Neutraubling"]
[BlackTeam "SC Tarrasch 45 München"]

1. e4 {[%emt 0:00:00]} e5 {[%emt 0:00:02]} 2. Nf3 {[%emt 0:00:01]} Nc6 {
[%emt 0:00:02]} 3. Bc4 {[%emt 0:00:01]} Bc5 {[%emt 0:00:03]} 4. c3 {
[%emt 0:00:01]} Nf6 {[%emt 0:00:02]} 5. d4 {[%emt 0:00:02]} exd4 {
[%emt 0:00:01]} 6. cxd4 {[%emt 0:00:02]} Bb4+ {[%emt 0:00:04]} 7. Nc3 {
[%emt 0:00:01]} Nxe4 {[%emt 0:00:02]} 8. O-O {[%emt 0:00:02]} Bxc3 {
[%emt 0:00:03]} 9. d5 {[%emt 0:00:01]} Bf6 {[%emt 0:00:02]} 10. Re1 {
[%emt 0:00:04]} Ne7 {[%emt 0:00:03]} 11. Rxe4 {[%emt 0:00:04]} O-O {
[%emt 0:00:02]} 12. d6 {[%emt 0:00:02]} cxd6 {[%emt 0:00:03]} 13. Bg5 {
[%emt 0:00:02]} d5 {[%emt 0:00:03]} 14. Bxd5 {[%emt 0:00:02]} Nxd5 {
[%emt 0:00:01]} 15. Qxd5 {[%emt 0:00:04]} d6 {[%emt 0:00:02]} 16. Bxf6 {
[%emt 0:00:03]} Qxf6 {[%emt 0:00:01]} 17. Nd4 {[%emt 0:00:02]} Be6 {
[%emt 0:00:02]} 18. Nxe6 {[%emt 0:00:02]} fxe6 {[%emt 0:00:01]} 19. Qxe6+ {
[%emt 0:00:02]} Qxe6 {[%emt 0:00:02]} 20. Rxe6 {[%emt 0:00:01]} Rae8 {
[%emt 0:00:00]} 21. Rae1 {[%emt 0:00:00]} Rxe6 {[%emt 0:00:03]} 22. Rxe6 {
[%emt 0:00:01]} Rc8 {[%emt 0:00:02]} 23. Kf1 {[%emt 0:00:03]} Rc2 {
[%emt 0:00:02]} 24. Re2 {[%emt 0:00:05]} Rc1+ {[%emt 0:00:03]} 25. Re1 {
[%emt 0:00:01]} Rc2 {[%emt 0:00:01]} 26. Re2 {[%emt 0:00:01]} 1/2-1/2

[Event "9. Forchheimer Sparkassen Open 2010"]
[Site "Forchheim"]
[Date "2010.10.03"]
[Round "5.10"]
[White "Meyer, Stefan"]
[Black "Löw, Gerald"]
[Result "0-1"]
[WhiteElo "2168"]
[BlackElo "2263"]
[PlyCount "36"]
[EventDate "2010.??.??"]
[WhiteTeam "SAbt TuS Dotzheim"]
[BlackTeam "TSV Bindlach Aktionär-Schachabte"]

1. Nf3 {[%emt 0:00:00]} c5 {[%emt 0:00:02]} 2. g3 {[%emt 0:00:03]} g6 {
[%emt 0:00:02]} 3. Bg2 {[%emt 0:00:02]} Bg7 {[%emt 0:00:02]} 4. O-O {
[%emt 0:00:02]} Nc6 {[%emt 0:00:02]} 5. e4 {[%emt 0:00:02]} e6 {[%emt 0:00:02]}
6. c3 {[%emt 0:00:10]} Nge7 {[%emt 0:00:02]} 7. d4 {[%emt 0:00:02]} cxd4 {
[%emt 0:00:02]} 8. cxd4 {[%emt 0:00:02]} d5 {[%emt 0:00:01]} 9. e5 {
[%emt 0:00:01]} O-O {[%emt 0:00:01]} 10. Bf4 {[%emt 0:00:12]} Qb6 {
[%emt 0:00:04]} 11. Qd2 {[%emt 0:00:02]} Nf5 {[%emt 0:00:01]} 12. Rd1 {
[%emt 0:00:03]} f6 {[%emt 0:00:03]} 13. Qc3 {[%emt 0:00:06]} Nfxd4 {
[%emt 0:00:06]} 14. Nxd4 {[%emt 0:00:03]} Nxd4 {[%emt 0:00:12]} 15. Qxd4 {
[%emt 0:00:05]} Qxd4 {[%emt 0:00:01]} 16. Rxd4 {[%emt 0:00:01]} fxe5 {
[%emt 0:00:04]} 17. Bxe5 {[%emt 0:00:01]} Bxe5 {[%emt 0:00:02]} 18. Rb4 {
[%emt 0:00:03]} a5 {[%emt 0:00:02]} 0-1

[Event "9. Forchheimer Sparkassen Open 2010"]
[Site "Forchheim"]
[Date "2010.10.03"]
[Round "5.11"]
[White "Osmanovic, Faruk"]
[Black "Heimrath, Reiner"]
[Result "1/2-1/2"]
[WhiteElo "2118"]
[BlackElo "2231"]
[PlyCount "46"]
[EventDate "2010.??.??"]
[WhiteTeam "SC Blau.Turm Bad Wimpfen"]
[BlackTeam "SC Noris-Tarrasch Nürnberg 1873"]

1. e4 e5 2. Nf3 Nc6 3. Bb5 Be7 4. d4 d6 5. h3 Nf6 6. Nc3 O-O 7. O-O a6 8. Ba4
b5 9. Bb3 Nxd4 10. Nxd4 exd4 11. Nd5 c5 12. a4 Bb7 13. axb5 axb5 14. Rxa8 Bxa8
15. Nxe7+ Qxe7 16. Bg5 h6 17. Bh4 g5 18. Bg3 Nd7 19. c3 c4 20. Qxd4 cxb3 21.
Bxd6 Qf6 22. Bxf8 Qxd4 23. cxd4 Kxf8 1/2-1/2

[Event "9. Forchheimer Sparkassen Open 2010"]
[Site "Forchheim"]
[Date "2010.10.03"]
[Round "5.12"]
[White "Kvetny, Mark"]
[Black "Schroeder, Jan-Christian"]
[Result "0-1"]
[WhiteElo "1984"]
[BlackElo "2108"]
[PlyCount "124"]
[EventDate "2010.??.??"]
[WhiteTeam "SV Altbach e.V."]
[BlackTeam "SV 1920 Hofheim"]

1. d4 d5 2. c4 e6 3. Nc3 Nf6 4. cxd5 exd5 5. Bg5 Be7 6. Qc2 O-O 7. e3 Nbd7 8.
Bd3 Re8 9. Nge2 Nf8 10. O-O a6 11. Rad1 Ng6 12. Ng3 c6 13. Rfe1 Be6 14. Nf5
Bxf5 15. Bxf5 Ne4 16. Bxe7 Qxe7 17. f3 Nxc3 18. bxc3 Qg5 19. Bxg6 hxg6 20. e4
dxe4 21. fxe4 Rad8 22. e5 Qg4 23. Re4 Qe6 24. Qb3 Qd7 25. Rf1 c5 26. Ref4 Re7
27. Qc4 cxd4 28. cxd4 b5 29. Qb3 Qa7 30. Qe3 Rde8 31. Qf2 Rd8 32. Qh4 g5 33.
Qxg5 Rxd4 34. Kh1 Rxf4 35. Qxf4 Qc7 36. Rc1 Rxe5 37. Qd2 Re2 38. Qg5 Qd7 39. a3
Rd2 40. Rc8+ Qxc8 41. Qxd2 a5 42. h3 Qc7 43. Qe1 Qd8 44. Qe2 b4 45. axb4 axb4
46. Qb5 Qd1+ 47. Kh2 Qd6+ 48. Kh1 Qd1+ 49. Kh2 b3 50. Qe8+ Kh7 51. Qe4+ g6 52.
Qf4 Qd5 53. Qb8 Kg7 54. Qg3 Qb7 55. Qe5+ Kg8 56. Qb2 Qc7+ 57. Kh1 Qc2 58. Qd4
b2 59. Qd8+ Kh7 60. Qh4+ Kg7 61. Qd4+ f6 62. Qd7+ Kh6 0-1

[Event "9. Forchheimer Sparkassen Open 2010"]
[Site "Forchheim"]
[Date "2010.10.03"]
[Round "5.14"]
[White "Loehr, Markus"]
[Black "Meulner, Klaus"]
[Result "1-0"]
[WhiteElo "2256"]
[BlackElo "2188"]
[PlyCount "99"]
[EventDate "2010.??.??"]
[WhiteTeam "SK Schmiden/Cannstatt"]
[BlackTeam "SW Nürnberg Süd e.V."]

1. d4 d6 2. Nf3 g6 3. c4 Bg7 4. e4 e5 5. Nc3 Nc6 6. d5 Nce7 7. Be2 h6 8. h4 Nf6
9. Bd2 c6 10. Ng1 b5 11. dxc6 b4 12. Nd5 Nxc6 13. Nxf6+ Bxf6 14. Bxb4 Nxb4 15.
Qa4+ Bd7 16. Qxb4 Rb8 17. Qd2 Qb6 18. b3 g5 19. g3 Ke7 20. Bf3 a5 21. Ne2 Be6
22. Nc3 Rbg8 23. Rd1 Rg7 24. Ke2 Qb4 25. Qe3 Rd8 26. Rd3 Rd7 27. Qd2 Rg8 28.
Qc2 Rb8 29. hxg5 Bxg5 30. Kf1 Qc5 31. Kg2 Rdd8 32. Qe2 Rg8 33. Rhd1 Rbd8 34.
Bg4 h5 35. Bxe6 fxe6 36. Na4 Qc6 37. c5 dxc5 38. Nb2 Rd4 39. Qxh5 Qxe4+ 40. Qf3
Qd5 41. Rxd4 cxd4 42. Re1 Bf6 43. Nc4 Rg5 44. Qxd5 exd5 45. f4 dxc4 46. fxg5 c3
47. gxf6+ Kxf6 48. Kf2 d3 49. Ke3 e4 50. Kxe4 1-0

[Event "9. Forchheimer Sparkassen Open 2010"]
[Site "Forchheim"]
[Date "2010.10.03"]
[Round "5.15"]
[White "Kempe, Frank"]
[Black "Krockenberger, Martin"]
[Result "0-1"]
[WhiteElo "2073"]
[BlackElo "2187"]
[PlyCount "32"]
[EventDate "2010.??.??"]
[WhiteTeam "Südlohner Schachverein 1956 e.V."]
[BlackTeam "SK Schmiden/Cannstatt"]

1. e4 e5 2. Bc4 Nf6 3. d4 exd4 4. Nf3 Nc6 5. O-O Nxe4 6. Re1 d5 7. Bxd5 Qxd5 8.
Nc3 Qh5 9. Nxe4 Be6 10. Bg5 Bd6 11. c4 h6 12. Bf6 Bxh2+ 13. Kf1 Bxc4+ 14. Re2
O-O 15. Rc1 Bxe2+ 16. Qxe2 Rfe8 0-1

[Event "9. Forchheimer Sparkassen Open 2010"]
[Site "Forchheim"]
[Date "2010.10.03"]
[Round "5.16"]
[White "Klein, Gernot"]
[Black "Hansen, Victor"]
[Result "0-1"]
[WhiteElo "1930"]
[BlackElo "2121"]
[PlyCount "120"]
[EventDate "2010.??.??"]
[WhiteTeam "Post-Telekom SV 1925 Aachen e.V."]
[BlackTeam "SGEM Dreisamtal"]

1. e4 c6 2. d4 d5 3. Nc3 dxe4 4. Nxe4 Bf5 5. Ng3 Bg6 6. h4 h6 7. h5 Bh7 8. Nf3
Nd7 9. Bd3 Bxd3 10. Qxd3 Ngf6 11. Bf4 e6 12. Ne4 Qa5+ 13. Bd2 Qc7 14. O-O-O Be7
15. Kb1 O-O 16. Nxf6+ Nxf6 17. Ne5 c5 18. Rde1 cxd4 19. Qg3 Rac8 20. Bxh6 Qxc2+
21. Ka1 Qh7 22. Bg5 Ne4 23. Rxe4 Bxg5 24. Ree1 Bd2 25. Rd1 Qh6 26. Ng4 Qf4 27.
Qxf4 Bxf4 28. Rxd4 e5 29. Rd7 Rc2 30. g3 f5 31. Kb1 Re2 32. h6 gxh6 33. Nxh6+
Bxh6 34. Rxh6 Rf7 35. Rg6+ Kh7 36. Rdd6 Rxf2 37. Rh6+ Kg7 38. Rhg6+ Kf8 39.
Rd8+ Ke7 40. Rb8 Rf6 41. Rxb7+ Ke6 42. Rxf6+ Kxf6 43. Rxa7 e4 44. Kc1 Rf3 45.
Ra3 e3 46. Kd1 Rxg3 47. Ke2 f4 48. b4 Rg2+ 49. Ke1 Rb2 50. Ra6+ Kf5 51. Ra8 Ke4
52. Re8+ Kf3 53. Kd1 e2+ 54. Ke1 Rb1+ 55. Kd2 Rd1+ 56. Kc3 e1=Q+ 57. Rxe1 Rxe1
58. b5 Ke3 59. a4 f3 60. b6 f2 0-1

[Event "9. Forchheimer Sparkassen Open 2010"]
[Site "Forchheim"]
[Date "2010.10.03"]
[Round "5.17"]
[White "Steppuhn, Thomas"]
[Black "Martin Fernandez, Rodrigo"]
[Result "1-0"]
[WhiteElo "2025"]
[BlackElo "2169"]
[PlyCount "66"]
[EventDate "2010.??.??"]
[WhiteTeam "SC Bavaria Regensb.1881"]
[BlackTeam "SC Erlangen 48/88"]

1. d4 Nf6 2. Nf3 c5 3. e3 e6 4. Bd3 Nc6 5. O-O d5 6. b3 Be7 7. Bb2 O-O 8. Nbd2
b6 9. Ne5 Bb7 10. f4 Nb4 11. Be2 Ne4 12. a3 Nc6 13. Bd3 f6 14. Nxc6 Bxc6 15.
Nf3 Qe8 16. Nh4 Rd8 17. a4 Bd6 18. Qe2 Rf7 19. Rad1 Re7 20. Qg4 Kh8 21. f5 e5
22. Bxe4 exd4 23. Ng6+ Kg8 24. Nxe7+ Qxe7 25. Bf3 dxe3 26. Rfe1 Bc7 27. Rd3 Qd6
28. g3 d4 29. Rexe3 Be8 30. Re6 Qd7 31. Bc6 Qc8 32. Bxe8 Rxe8 33. Qe4 Be5 1-0

[Event "9. Forchheimer Sparkassen Open 2010"]
[Site "Forchheim"]
[Date "2010.10.03"]
[Round "5.18"]
[White "Bachstein, Dustin"]
[Black "Ruff, Maximilian"]
[Result "1/2-1/2"]
[WhiteElo "2103"]
[BlackElo "1981"]
[PlyCount "38"]
[EventDate "2010.??.??"]
[WhiteTeam "SC Erlangen 48/88"]
[BlackTeam "SC Brandeck-Turm Ohlsbach e.V."]

1. Nf3 Nf6 2. g3 g6 3. Bg2 Bg7 4. O-O O-O 5. c4 c5 6. Nc3 Nc6 7. d3 d6 8. Rb1
a5 9. Bg5 h6 10. Bd2 Bd7 11. Re1 Rb8 12. a3 Qc8 13. Nb5 Ne8 14. Bc3 Nc7 15. e3
b6 16. Bxg7 Kxg7 17. d4 Nxb5 18. cxb5 Nd8 19. dxc5 Qxc5 1/2-1/2

[Event "9. Forchheimer Sparkassen Open 2010"]
[Site "Forchheim"]
[Date "2010.10.03"]
[Round "5.19"]
[White "Pfadenhauer, Johannes"]
[Black "Kutzner, Joachim"]
[Result "0-1"]
[WhiteElo "1764"]
[BlackElo "2154"]
[PlyCount "46"]
[EventDate "2010.??.??"]
[WhiteTeam "Kronacher SK 1882 e.V."]
[BlackTeam "Schachclub Erkrath 1973"]

1. d4 Nf6 2. Bg5 e6 3. Nc3 d5 4. f3 Nc6 5. Qd2 Bb4 6. O-O-O h6 7. Bh4 Qe7 8. e3
Bd7 9. Bd3 b5 10. Bxb5 Rb8 11. Qd3 O-O 12. Nge2 Rfd8 13. e4 g5 14. Bg3 Bxc3 15.
Nxc3 dxe4 16. fxe4 Nb4 17. Qc4 Bxb5 18. Nxb5 Nxe4 19. a3 Rxb5 20. axb4 Rxb4 21.
Qc6 Rxb2 22. Qxe4 Qb4 23. c4 Qc3+ 0-1

[Event "9. Forchheimer Sparkassen Open 2010"]
[Site "Forchheim"]
[Date "2010.10.03"]
[Round "5.20"]
[White "Feldheim, Jonas"]
[Black "Fuchs, Gerhard"]
[Result "0-1"]
[WhiteElo "1900"]
[BlackElo "2057"]
[PlyCount "132"]
[EventDate "2010.??.??"]
[WhiteTeam "SC Ansbach 1855 e.V."]
[BlackTeam "SK Nürnberg 1911 e.V."]

1. e4 e5 2. Bc4 Nf6 3. d4 exd4 4. Nf3 Nc6 5. O-O Nxe4 6. Re1 d5 7. Bxd5 Qxd5 8.
Nc3 Qh5 9. Nxe4 Be7 10. Bg5 Bg4 11. Ng3 Qxg5 12. Nxg5 Bxd1 13. Raxd1 O-O 14.
Nf3 Bc5 15. Ne2 Rad8 16. a3 a5 17. Rd3 Rfe8 18. Kf1 Re6 19. Ng5 Re7 20. Red1
Ne5 21. Rb3 Bb6 22. c3 d3 23. Nd4 Bxd4 24. cxd4 Rxd4 25. Rxb7 g6 26. Rb5 a4 27.
Nf3 Nxf3 28. gxf3 c6 29. Rc5 Re6 30. Rc3 Red6 31. Ke1 f5 32. Kd2 Kf7 33. Rdc1
Rf4 34. Ke3 Rh4 35. Rxc6 d2 36. Rc7+ Kf6 37. Rd1 Rxh2 38. Rc3 h5 39. b4 axb3
40. Rxb3 Re6+ 41. Kxd2 Rxf2+ 42. Kc1 Ra6 43. Rd2 Rxd2 44. Kxd2 Ke5 45. Ke3 g5
46. Rb5+ Kf6 47. Rb3 f4+ 48. Kf2 Ra5 49. Rd3 g4 50. fxg4 hxg4 51. Rb3 Kf5 52.
Ke2 Ra4 53. Kf2 Ke4 54. Rb8 Rxa3 55. Re8+ Kd5 56. Rd8+ Ke6 57. Rf8 Ra2+ 58. Kf1
Ke5 59. Re8+ Kd4 60. Rg8 g3 61. Re8 f3 62. Ke1 g2 63. Rd8+ Ke5 64. Re8+ Kd6 65.
Rd8+ Ke7 66. Rg8 f2+ 0-1

[Event "9. Forchheimer Sparkassen Open 2010"]
[Site "Forchheim"]
[Date "2010.10.03"]
[Round "5.21"]
[White "Neuner, Johannes"]
[Black "Riedel, Lutz"]
[Result "0-1"]
[WhiteElo "1959"]
[BlackElo "2139"]
[PlyCount "92"]
[EventDate "2010.??.??"]
[WhiteTeam "SK Freiburg Zähringen 1887 e.V."]
[BlackTeam "SK Krumbach"]

1. d4 d5 2. c4 c6 3. Nf3 Nf6 4. e3 Bg4 5. Qb3 Qb6 6. Ne5 Bf5 7. Nc3 e6 8. Be2
Nbd7 9. g4 Qxb3 10. axb3 Bc2 11. Nxd7 Nxd7 12. Bd1 Bd3 13. Be2 Bxe2 14. Kxe2
Be7 15. e4 dxe4 16. Nxe4 O-O 17. Bf4 Nf6 18. Nxf6+ Bxf6 19. Be5 Be7 20. Bc7 f5
21. Rhg1 a6 22. Ra5 Rac8 23. Be5 g6 24. h3 Rf7 25. c5 Rd8 26. Ra4 fxg4 27. Rxg4
Rf5 28. Rc4 Kf7 29. Rc3 Rg8 30. Rf3 g5 31. Re4 h5 32. Rg3 Rg6 33. Rge3 Bf8 34.
Bg3 Bh6 35. Bd6 Rd5 36. Be5 Rd7 37. Rg3 Rd8 38. Ree3 g4 39. Re4 Rdg8 40. Kd3
Ke8 41. Kc4 Kd7 42. Kb4 Bd2+ 43. Ka4 a5 44. Bf4 Bb4 45. Re2 gxh3 46. Rxh3 Rg1
0-1

[Event "9. Forchheimer Sparkassen Open 2010"]
[Site "Forchheim"]
[Date "2010.10.03"]
[Round "5.22"]
[White "Guthmann, Peter"]
[Black "Winand, Edgar"]
[Result "1/2-1/2"]
[WhiteElo "2154"]
[BlackElo "1976"]
[PlyCount "201"]
[EventDate "2010.??.??"]
[WhiteTeam "FC Gunzenhausen 1910 e.V"]
[BlackTeam "SC Königliche Trakehner Oberurse"]

1. e4 d6 2. d4 g6 3. f4 Bg7 4. Nf3 c5 5. d5 e6 6. Nc3 exd5 7. Nxd5 Nf6 8. Bc4
Nxe4 9. O-O O-O 10. h3 Nc6 11. c3 Na5 12. Bd3 Ng3 13. Re1 Be6 14. Ne3 c4 15.
Bc2 Qb6 16. Kh2 Nh5 17. f5 Bd7 18. g4 Nf4 19. Kg3 Nd3 20. Bxd3 cxd3 21. Nd5 Qd8
22. Qxd3 Nc6 23. Bf4 Re8 24. Rxe8+ Bxe8 25. Re1 Kh8 26. Bg5 f6 27. Bf4 Ne5 28.
Qe4 Bf7 29. c4 Rc8 30. b3 Qf8 31. Nd4 Re8 32. Nc7 Rb8 33. Nce6 Qe7 34. Qc2 Rg8
35. Qd2 Bxe6 36. fxe6 Rd8 37. Qg2 Nd3 38. Re2 Nxf4 39. Kxf4 f5 40. Nf3 fxg4 41.
hxg4 Re8 42. Kg3 Qf6 43. Qh3 Qc3 44. Kg2 Qd3 45. Re1 Bc3 46. Rh1 Qe2+ 47. Kg1
Re7 48. g5 Qxe6 49. Qxe6 Rxe6 50. Kf2 Kg7 51. Rd1 Bb4 52. Kg3 Bc5 53. Rd2 b6
54. Rb2 a5 55. Kf4 Be3+ 56. Kg3 h5 57. Kg2 Re4 58. Re2 Rg4+ 59. Kh3 Bxg5 60.
Nxg5 Rxg5 61. Rd2 b5 62. Rxd6 bxc4 63. bxc4 Rc5 64. Ra6 Kh6 65. Ra8 Kg5 66. Rb8
Kf4 67. Rb5 Rxc4 68. Rxa5 g5 69. Ra3 Re4 70. Ra8 Re3+ 71. Kg2 Re2+ 72. Kg1 Re4
73. Kf2 h4 74. a3 g4 75. Rf8+ Ke5 76. Re8+ Kd5 77. Rd8+ Kc5 78. Rf8 g3+ 79. Kf3
Ra4 80. Rf5+ Kd6 81. Rh5 Ke6 82. Kg2 Kd6 83. Kh3 Ke6 84. Rb5 Rd4 85. Rh5 Re4
86. Rh8 Ke5 87. Rg8 Kd4 88. a4 Ke3 89. a5 Ra4 90. a6 Kf2 91. Rf8+ Kg1 92. Rb8
Ra3 93. Rb1+ Kf2 94. Rb2+ Kf3 95. a7 Rxa7 96. Rb3+ Ke2 97. Rb2+ Ke3 98. Kxh4
Kf3 99. Rb3+ Kf2 100. Rb2+ Kf3 101. Rb3+ 1/2-1/2

[Event "9. Forchheimer Sparkassen Open 2010"]
[Site "Forchheim"]
[Date "2010.10.03"]
[Round "5.23"]
[White "Promyshlyanskiy, Vitaliy"]
[Black "Schweizer, Manfred"]
[Result "1/2-1/2"]
[WhiteElo "2237"]
[BlackElo "2091"]
[PlyCount "57"]
[EventDate "2010.??.??"]
[WhiteTeam "SC Noris-Tarrasch Nürnberg 1873"]
[BlackTeam "Post-SV Memmingen e.V."]

1. e4 d6 2. f4 g6 3. Nc3 Bg7 4. Nf3 Nf6 5. Bc4 O-O 6. d3 c6 7. O-O d5 8. Bb3
dxe4 9. dxe4 Qxd1 10. Rxd1 Na6 11. e5 Ne8 12. Be3 Nec7 13. Ng5 h6 14. Nge4 Re8
15. a4 Be6 16. Bxe6 Nxe6 17. Rd7 Nb4 18. Rc1 b6 19. g4 g5 20. fxg5 hxg5 21.
Nxg5 Nxg5 22. Bxg5 Bxe5 23. Bxe7 Bxc3 24. bxc3 Nd5 25. Re1 Rxe7 26. Rexe7 Nxe7
27. Rxe7 Rd8 28. h4 Rd2 29. Rxa7 1/2-1/2

[Event "9. Forchheimer Sparkassen Open 2010"]
[Site "Forchheim"]
[Date "2010.10.03"]
[Round "5.24"]
[White "Sha, Siyu"]
[Black "Weidel, Albrecht"]
[Result "1/2-1/2"]
[WhiteElo "1918"]
[BlackElo "2225"]
[PlyCount "77"]
[EventDate "2010.??.??"]
[WhiteTeam "SC Noris-Tarrasch Nürnberg 1873"]
[BlackTeam "SAbt TG Biberach"]

1. e4 e5 2. Nf3 Nc6 3. Bb5 a6 4. Ba4 Nf6 5. d3 d6 6. h3 Be7 7. O-O O-O 8. c3 h6
9. Re1 b5 10. Bc2 Re8 11. Nbd2 Bf8 12. d4 Bb7 13. d5 Ne7 14. Nf1 c6 15. dxc6
Bxc6 16. Ng3 Qc7 17. Nh2 d5 18. Ng4 Nxe4 19. Nxe4 dxe4 20. Bxh6 Rad8 21. Qe2 f5
22. Nf6+ gxf6 23. Qh5 Bxh6 24. Qxh6 Kf7 25. Qh7+ Ke6 26. Rad1 Bd5 27. g4 Rh8
28. gxf5+ Kd6 29. Qf7 Rhg8+ 30. Kh2 Qc5 31. Qxf6+ Kc7 32. Qxe5+ Qd6 33. Qxd6+
Rxd6 34. Bxe4 Bxe4 35. Rxd6 Kxd6 36. Rxe4 Rf8 37. Re6+ Kd7 38. Rxa6 Rxf5 39. a4
1/2-1/2

[Event "9. Forchheimer Sparkassen Open 2010"]
[Site "Forchheim"]
[Date "2010.10.03"]
[Round "5.25"]
[White "Bielmeier, Ludwig"]
[Black "Schäfers, Andreas"]
[Result "0-1"]
[WhiteElo "2157"]
[BlackElo "2022"]
[PlyCount "70"]
[EventDate "2010.??.??"]
[WhiteTeam "SV Deggendorf"]
[BlackTeam "Schachvereinigung Lüdenscheid e."]

1. c4 c5 2. g3 Nc6 3. Bg2 g6 4. Nc3 Bg7 5. Nf3 e6 6. a3 Nge7 7. b4 cxb4 8. axb4
Nxb4 9. d4 d5 10. Ba3 Nbc6 11. cxd5 exd5 12. O-O O-O 13. e3 Be6 14. Qe2 Re8 15.
Rfb1 Qd7 16. Nd2 Rad8 17. Nb3 b6 18. Rc1 Nc8 19. Bf1 Bf8 20. Bxf8 Kxf8 21. Bg2
a5 22. Rd1 Nb4 23. Rdc1 Nd6 24. Nd2 Rc8 25. h3 Rc7 26. Na2 Rxc1+ 27. Nxc1 Bxh3
28. Bxh3 Qxh3 29. Qf3 Qf5 30. Qe2 Rc8 31. g4 Qe6 32. Qf3 Rc2 33. Nf1 Ne4 34.
Ne2 Ng5 35. Qh1 Rxe2 0-1

[Event "9. Forchheimer Sparkassen Open 2010"]
[Site "Forchheim"]
[Date "2010.10.03"]
[Round "5.26"]
[White "Willim, Michael"]
[Black "Wohlfahrt, Frank"]
[Result "1/2-1/2"]
[WhiteElo "2134"]
[BlackElo "2023"]
[PlyCount "36"]
[EventDate "2010.??.??"]
[WhiteTeam "SC Erlangen 48/88"]
[BlackTeam "SGem Siemens Erlangen e.V."]

1. Nf3 d5 2. c4 e6 3. g3 dxc4 4. Na3 c5 5. Nxc4 Nc6 6. Bg2 Nf6 7. O-O a6 8. d3
Be7 9. a4 O-O 10. Bd2 Re8 11. Bc3 Nd5 12. e4 Nxc3 13. bxc3 Na5 14. Ne3 b6 15.
d4 cxd4 16. cxd4 Bb7 17. Qd3 Nc6 18. Rac1 Nb4 1/2-1/2